A történelmi emlékezet megszerkesztése helyi identitás- és mítoszteremtés a "Megszálló levél" - Kunszentmárton 18. századi újratelepítéséről szóló elbeszélés /
Elmentve itt :
| Szerző: | |
|---|---|
| Dokumentumtípus: | Könyv része |
| Megjelent: |
2015
|
| Sorozat: | Táj és Népi Kultúra
11 Kunszentmárton : történeti néprajzi tanulmányok 11 |
| Kulcsszavak: | Jászok története - Magyarország - 18. sz - forrás, Kunszentmárton története - 18. sz. |
| Tárgyszavak: | |
| Online Access: | http://acta.bibl.u-szeged.hu/71261 |
| LEADER | 01096naa a2200253 i 4500 | ||
|---|---|---|---|
| 001 | acta71261 | ||
| 005 | 20220214145404.0 | ||
| 008 | 210105s2015 hu o 0|| hun d | ||
| 020 | |a 978 963 306 395 8 | ||
| 022 | |a 1785-0991 ; 2416-3414 | ||
| 040 | |a SZTE Egyetemi Kiadványok Repozitórium |b hun | ||
| 041 | |a hun | ||
| 100 | 1 | |a Barna Gábor | |
| 245 | 1 | 2 | |a A történelmi emlékezet megszerkesztése helyi identitás- és mítoszteremtés |h [elektronikus dokumentum] : |b a "Megszálló levél" - Kunszentmárton 18. századi újratelepítéséről szóló elbeszélés / |c Barna Gábor |
| 260 | |c 2015 | ||
| 300 | |a 11-33 | ||
| 490 | 0 | |a Táj és Népi Kultúra |v 11 | |
| 490 | 0 | |a Kunszentmárton : történeti néprajzi tanulmányok |v 11 | |
| 650 | 4 | |a Társadalomtudományok | |
| 650 | 4 | |a Szociológia | |
| 650 | 4 | |a Bölcsészettudományok | |
| 650 | 4 | |a Történettudomány és régészet | |
| 695 | |a Jászok története - Magyarország - 18. sz - forrás, Kunszentmárton története - 18. sz. | ||
| 856 | 4 | 0 | |u http://acta.bibl.u-szeged.hu/71261/1/taj_es_nepi_kultura_011_011-033.pdf |z Dokumentum-elérés |